000 00464nam a2200169 a 4500
001 0000-9254
003 ELIB.Books
008 110520 1957
035 _a(ELIB.Books)0000-9406
082 _a268.433
_bBai
100 _aBaiutou, Roland H.
245 _aWhat Christianity Says About Sex Love and Marriage
260 _bNew York: Association Press
_c1957
650 _aChristian Education
942 _2ddc
_cBK
998 _cbat
_e2011-05-20
999 _c9254
_d9254